| 000 | 00443nam a22001217a 4500 | ||
|---|---|---|---|
| 082 | _a200 THE | ||
| 100 |
_aFaran Masood Peerzada _973253 |
||
| 245 | _aTH-SOF-1820-Evaluation of high resolution airborne imagery for mapping Invasive weeds in crops | ||
| 260 |
_aISLAMABAD _bNUST COLLEGE OF EME _c2020 |
||
| 650 |
_aMS-MTS-2017 _973254 |
||
| 700 |
_aSupervisor Dr. Waqar Shahid Qureshi Co-Supervisor Dr. Muhammad Usman _973255 |
||
| 942 |
_cCF _2ddc |
||
| 999 |
_c579059 _d579059 |
||